Nadanpattum nasranippenperumayum/ (Record no. 181734)

000 -LEADER
fixed length control field 00432nam a22001697a 4500
020 ## - INTERNATIONAL STANDARD BOOK NUMBER
ISBN 9789348132505
082 ## - DEWEY DECIMAL CLASSIFICATION NUMBER
Classification number M 398.357 8
Item number LEE/N
100 ## - MAIN ENTRY--AUTHOR NAME
Personal name Leena M A
245 ## - TITLE STATEMENT
Title Nadanpattum nasranippenperumayum/
Statement of responsibility, etc by Leena M A
260 ## - PUBLICATION, DISTRIBUTION, ETC. (IMPRINT)
Place of publication Kozhikode:
Name of publisher Atma Books,
Year of publication 2025.
300 ## - PHYSICAL DESCRIPTION
Number of Pages 482p.
650 ## - SUBJECT ADDED ENTRY--TOPICAL TERM
Topical Term Folk song Christian
650 ## - SUBJECT ADDED ENTRY--TOPICAL TERM
Topical Term Christian Songs
650 ## - SUBJECT ADDED ENTRY--TOPICAL TERM
Topical Term Folk Literature
650 ## - SUBJECT ADDED ENTRY--TOPICAL TERM
Topical Term Social Sciences
942 ## - ADDED ENTRY ELEMENTS (KOHA)
Koha item type Book
Holdings
Withdrawn status Lost status Damaged status Not for loan Permanent Location Current Location Shelving location Date acquired Cost, normal purchase price Full call number Accession Number Price effective from Koha item type
        Sree Sankaracharya University of Sanskrit Sree Sankaracharya University of Sanskrit Stacks 21.05.2026 960.00 M 398.357 8 LEE/N 108907 21.05.2026 Book